00528nmm a2200169Ia 4500008004100000020001500041041000800056100004000064245005900104264005200163300001800215490002200233650002900255856005000284942000700334999001700341251105s9999||||xx |||||||||||||||||und|| a8477371547 aspa aBustos Rodríguez, Manuel (coord.) 0aHistoria de Cádiz :b De la antigüedad al siglo XX a[Madrid, España] :bSílex Ediciones, c2005 a931 páginas a--Sin colección aHistory of Europe: Spain uhttps://public.digitaliapublishing.com/a/1262 cCF c73468d73468